00953nam a2200277 i 4500001000300000100002700003245014300030260003900173300002100212504001400233650002200247650001700269650002200286650002800308710003300336020001500369040000800384041000800392080003300400920001800433942000700451008004100458999001700499856009800516952006100614bg1 aMILIAN, Lechd(1932- )10aMechanizm rynku w ocenie aksjologicznej :bstudium wartości postulowanych i akceptowanych /cLech Milian ; Politechnika Częstochowska. aCzęstochowa :bWydaw. PC,c2001. a154 s. ;c25 cm. aBibliogr. 9aGospodarkaxetyka 9aPracaxetyka 9aRynekxsocjologia 9aWartośćxsocjologia 0aPolitechnika Częstochowska a8371931549 cBPK0 apol a316.334.2:331.101:174:316.75 a83-7193-154-9 cKS s pl f |000 0 pol  c42906d42906 uhttp://koha.tu.koszalin.pl/cgi-bin/koha/opac-detail.pl?biblionumber=42906yKatalog online BPK 00104070aBPKbBPKcwo67700p01912234s2019-03-14yKS